Asociación de capitanes y oficiales de la Marina Mercante Española : relación de socios relación de socios
Descripción Física:
22 p. ; 14 cm
Materias:
Marins mercants -- Espanya
MARC
| LEADER | 00000nam a2200000Ia 4500 | ||
|---|---|---|---|
| 001 | 23538 | ||
| 008 | 160829s1894 xx 000 0 cat d | ||
| 080 | |a RF-16-85 | ||
| 245 | |a Asociación de capitanes y oficiales de la Marina Mercante Española : |b relación de socios | ||
| 260 | |a Bilbao : |b Imprenta y litografía Juan E. Delmas, |c 1894 | ||
| 300 | |a 22 p. ; |c 14 cm | ||
| 590 | |a Prové de C-205, exp. 4 | ||
| 650 | |a Marins mercants |x Espanya |9 48936 | ||
| 856 | 4 | |u https://media.diba.cat/diba/fitxers/arxiu/fulletons/bib_23538_baixa.pdf |y Accés lliure | |
| 856 | 4 | |u https://media.diba.cat/diba/fitxers/arxiu/fulletons/bib_23538_baixa.pdf |y Accés lliure | |
| 901 | |a Arxiu | ||
| 942 | |n 1 |2 udc | ||
| 952 | |0 0 |1 0 |4 0 |6 RF1685 |7 1 |9 54983 |a Arxiu |b Arxiu |d 2012-08-07 |l 0 |o RF-16-85 |p 23538 |r 2016-12-01 00:00:00 |w 2016-12-01 |y ARXIU | ||
| 999 | |c 58853 |d 58853 | ||
| 900 | |a bib_23538_baixa.pdf | ||